[Event "Mondariz IM"]
[Site "Mondariz"]
[Date "2018.08.30"]
[Round "9"]
[White "Senlle Caride, Miguel"]
[Black "Garcia Albarracin, Francisco"]
[Result "1-0"]
[WhiteElo "2311"]
[BlackElo "2324"]
[PlyCount "73"]
[EventDate "2018.08.24"]
[EventType "tourn"]
[EventRounds "9"]
[EventCountry "ESP"]
[EventCategory "1"]
[SourceTitle "CBM 186 Extra"]
[Source "ChessBase"]
[SourceDate "2018.08.24"]
[SourceVersion "1"]
[SourceVersionDate "2018.08.24"]
[SourceQuality "1"]

1. e4 d5 2. exd5 Qxd5 3. Nf3 Nf6 4. d4 g6 5. c4 Qd8 6. Nc3 Bg7 7. h3 0-0 8. Be3 c6 9. Be2 Na6 10. 0-0 Nc7 11. Qb3 Nd7 12. Rfd1 Qe8 13. d5 c5 14. Bf4 Na6 15. Rd2 h6 16. Nb5 g5 17. Bc7 f5 18. Re1 Qf7 19. Bd3 Nf6 20. Rde2 Re8 21. Bh2 Ne4 22. Bxe4 fxe4 23. Rxe4 Bf5 24. R4e3 Bf6 25. d6 exd6 26. Nxd6 Rxe3 27. Rxe3 Qd7 28. Nxf5 Qxf5 29. Qxb7 Rd8 30. Qxa6 Rd1+ 31. Re1 Rxe1+ 32. Nxe1 Bxb2 33. Qxa7 Bd4 34. Qa8+ Kg7 35. Qb7+ Kh8 36. Qf3 Qb1 37. Qe2 1-0

[Event "Mondariz IM"]
[Site "Mondariz"]
[Date "2018.08.29"]
[Round "7"]
[White "Alonso Bouza, Julio Javier"]
[Black "Garcia Albarracin, Francisco"]
[Result "1-0"]
[WhiteElo "2391"]
[BlackElo "2324"]
[PlyCount "41"]
[EventDate "2018.08.24"]
[EventType "tourn"]
[EventRounds "9"]
[EventCountry "ESP"]
[EventCategory "1"]
[SourceTitle "CBM 186 Extra"]
[Source "ChessBase"]
[SourceDate "2018.08.24"]
[SourceVersion "1"]
[SourceVersionDate "2018.08.24"]
[SourceQuality "1"]

1. e4 d5 2. exd5 Qxd5 3. Nc3 Qd8 4. d4 Nf6 5. Nf3 g6 6. Ne5 Be6 7. Be3 Bg7 8. Be2 0-0 9. f4 c5 10. dxc5 Nfd7 11. Nd3 Bxc3+ 12. bxc3 Bd5 13. 0-0 f5 14. Rb1 a5 15. Bf3 Nf6 16. Rxb7 Ne4 17. Rb2 Nc6 18. Rb6 Rc8 19. Qa1 Qc7 20. Qb2 Rfd8 21. Rb7 1-0

[Event "Mondariz IM"]
[Site "Mondariz"]
[Date "2018.08.27"]
[Round "4"]
[White "Villacorta Nicolas, David"]
[Black "Garcia Albarracin, Francisco"]
[Result "1/2-1/2"]
[WhiteElo "2159"]
[BlackElo "2324"]
[PlyCount "55"]
[EventDate "2018.08.24"]
[EventType "tourn"]
[EventRounds "9"]
[EventCountry "ESP"]
[EventCategory "1"]
[SourceTitle "CBM 186 Extra"]
[Source "ChessBase"]
[SourceDate "2018.08.24"]
[SourceVersion "1"]
[SourceVersionDate "2018.08.24"]
[SourceQuality "1"]

1. e4 d5 2. exd5 Qxd5 3. Nc3 Qd8 4. d4 Nf6 5. Bc4 a6 6. a4 Nc6 7. Nge2 Bf5 8. Bf4 e6 9. 0-0 Nb4 10. Bb3 Bd6 11. Bxd6 Qxd6 12. Ng3 Bg6 13. Nce2 h5 14. h4 Ng4 15. Qd2 0-0-0 16. c3 Nc6 17. f3 Nf6 18. Qe3 Rhe8 19. Ne4 Qe7 20. Ng5 Nd5 21. Bxd5 exd5 22. Qxe7 Nxe7 23. Ng3 Ng8 24. Rfe1 Kd7 25. Kf2 f6 26. Nh3 Bf7 27. Nf4 g6 28. Nd3 1/2-1/2

[Event "Mondariz Balneario IM"]
[Site "Mondariz"]
[Date "2017.08.27"]
[Round "3"]
[White "Garcia Albarracin, Francisco"]
[Black "Pinho, Paulo Miguel"]
[Result "1-0"]
[WhiteElo "2323"]
[BlackElo "2179"]
[PlyCount "71"]
[EventDate "2017.08.24"]
[EventType "tourn"]
[EventRounds "9"]
[EventCountry "ESP"]
[EventCategory "4"]
[SourceTitle "CBM 180 Extra"]
[Source "ChessBase"]
[SourceDate "2017.10.06"]
[SourceVersion "1"]
[SourceVersionDate "2017.10.06"]
[SourceQuality "1"]

1. Nf3 c5 2. g3 b6 3. Bg2 Bb7 4. 0-0 Nf6 5. c4 e6 6. Nc3 d6 7. b3 Be7 8. Bb2 a6 9. e3 0-0 10. d4 Nbd7 11. d5 exd5 12. Nh4 g6 13. f4 Re8 14. cxd5 b5 15. e4 b4 16. Na4 Nxe4 17. Nf5 Bf8 18. Re1 Ndf6 19. Ne3 Bg7 20. Qd3 Bc8 21. g4 Bd7 22. g5 Nh5 23. Bxe4 Bxa4 24. Bxg7 Nxf4 25. Qc2 Qxg5+ 26. Kh1 Kxg7 27. bxa4 h5 28. Nf5+ Kg8 29. Nxd6 Red8 30. Nf5 Kh7 31. d6 Rac8 32. Ne7 Rxd6 33. Nxc8 Rd8 34. Ne7 Nh3 35. Qg2 Qh4 36. Bxg6+ 1-0

[Event "Mondariz Balneario Cemar op 4th"]
[Site "Mondariz"]
[Date "2017.08.20"]
[Round "5"]
[White "Oratovsky, Michael"]
[Black "Garcia Albarracin, Francisco"]
[Result "1/2-1/2"]
[WhiteElo "2494"]
[BlackElo "2323"]
[PlyCount "63"]
[EventDate "2017.08.16"]
[EventType "swiss"]
[EventRounds "9"]
[EventCountry "ESP"]
[SourceTitle "CBM 180 Extra"]
[Source "ChessBase"]
[SourceDate "2017.10.06"]
[SourceVersion "1"]
[SourceVersionDate "2017.10.06"]
[SourceQuality "1"]

1. e4 c6 2. d4 d5 3. Nd2 dxe4 4. Nxe4 g6 5. Bc4 Bg7 6. Nf3 Nf6 7. Nxf6+ exf6 8. 0-0 0-0 9. Re1 Nd7 10. Bd2 a5 11. Bf1 Nb6 12. c4 Re8 13. h3 Be6 14. Rc1 h5 15. Be3 Bf8 16. Nd2 a4 17. a3 Bf5 18. Be2 Nd7 19. c5 Be6 20. Bf3 f5 21. Nc4 Bd5 22. Bxd5 cxd5 23. Nd2 Nb8 24. b4 axb3 25. Qxb3 Qd7 26. Nf3 Nc6 27. Rb1 Ra7 28. Ne5 Nxe5 29. dxe5 d4 30. Qb6 dxe3 31. Qxa7 exf2+ 32. Kxf2 1/2-1/2

[Event "Mondariz Balneario Cemar op 4th"]
[Site "Mondariz"]
[Date "2017.08.17"]
[Round "2"]
[White "Garcia Albarracin, Francisco"]
[Black "Arocena Uria, Jaime"]
[Result "1-0"]
[WhiteElo "2323"]
[BlackElo "1862"]
[PlyCount "33"]
[EventDate "2017.08.16"]
[EventType "swiss"]
[EventRounds "9"]
[EventCountry "ESP"]
[SourceTitle "CBM 180 Extra"]
[Source "ChessBase"]
[SourceDate "2017.10.06"]
[SourceVersion "1"]
[SourceVersionDate "2017.10.06"]
[SourceQuality "1"]

1. Nf3 Nf6 2. b3 e6 3. Bb2 d5 4. e3 c5 5. d4 Nc6 6. Bd3 Be7 7. 0-0 0-0 8. Nbd2 b6 9. Ne5 Bb7 10. Nxc6 Bxc6 11. Qf3 Qd7 12. Qh3 h6 13. Nf3 Bb7 14. Ne5 Qc7 15. dxc5 bxc5 16. Ng4 Nh7 17. Qxh6 1-0

[Event "Almazan 1st"]
[Site "Almazan"]
[Date "2017.07.22"]
[Round "9"]
[White "Lacruz Algarate, Alvaro"]
[Black "Garcia Albarracin, Francisco"]
[Result "1-0"]
[WhiteElo "2186"]
[BlackElo "2347"]
[PlyCount "91"]
[EventDate "2017.07.17"]
[EventType "swiss"]
[EventRounds "9"]
[EventCountry "ESP"]
[EventCategory "3"]
[SourceTitle "CBM 179 Extra"]
[Source "ChessBase"]
[SourceDate "2017.08.23"]
[SourceVersion "1"]
[SourceVersionDate "2017.08.23"]
[SourceQuality "1"]

1. e4 d5 2. exd5 Qxd5 3. Nc3 Qd8 4. d4 Nf6 5. Bf4 c6 6. Nf3 Bg4 7. Be2 e6 8. 0-0 Bxf3 9. Bxf3 Bd6 10. Qd2 0-0 11. Rad1 Bxf4 12. Qxf4 Nbd7 13. Rfe1 Qa5 14. a3 Rad8 15. h4 Nd5 16. Nxd5 cxd5 17. h5 h6 18. Be2 Rc8 19. Bd3 Qc7 20. Qh4 Qd8 21. Qh2 Re8 22. Re2 a6 23. Rde1 Qb6 24. c3 Qc7 25. f4 Nf6 26. Qh4 b5 27. Re3 Kf8 28. Rf1 Ng8 29. g4 Qd8 30. g5 f5 31. Rfe1 Qd7 32. R1e2 Re7 33. Rg2 a5 34. Qe1 Qd6 35. Re5 b4 36. axb4 axb4 37. Rge2 Rc6 38. cxb4 Qc7 39. Qf2 Rc1+ 40. Kg2 Qb6 41. b5 Rd1 42. Qe3 hxg5 43. fxg5 f4 44. Rf2 Rf7 45. Rxf4 Qc7 46. Bg6 1-0

[Event "Almazan 1st"]
[Site "Almazan"]
[Date "2017.07.20"]
[Round "6"]
[White "Cruz Estrada, Filemon"]
[Black "Garcia Albarracin, Francisco"]
[Result "1-0"]
[WhiteElo "2337"]
[BlackElo "2347"]
[PlyCount "91"]
[EventDate "2017.07.17"]
[EventType "swiss"]
[EventRounds "9"]
[EventCountry "ESP"]
[EventCategory "3"]
[SourceTitle "CBM 179 Extra"]
[Source "ChessBase"]
[SourceDate "2017.08.23"]
[SourceVersion "1"]
[SourceVersionDate "2017.08.23"]
[SourceQuality "1"]

1. c4 d6 2. g3 e5 3. Bg2 f5 4. Nc3 Nf6 5. d3 Be7 6. Nf3 0-0 7. 0-0 Qe8 8. e3 Kh8 9. b3 a5 10. Bb2 Na6 11. Rc1 Bd8 12. Qe2 Rb8 13. Ne1 c6 14. Nc2 Bd7 15. Rfd1 Qf7 16. d4 f4 17. dxe5 dxe5 18. Ba3 c5 19. Nd5 Nxd5 20. Bxd5 Qf5 21. exf4 exf4 22. Be4 Qf7 23. Bb2 Bc6 24. Bxc6 bxc6 25. Rd6 a4 26. Rcd1 f3 27. Qe4 axb3 28. axb3 Re8 29. Qd3 Bg5 30. h4 Bf6 31. Bxf6 gxf6 32. Qxf3 f5 33. Rxc6 Re6 34. Rdd6 Rxd6 35. Rxd6 Nc7 36. Ne3 Rf8 37. Qf4 Qe7 38. Rc6 Ne8 39. Nd5 Qe1+ 40. Kg2 Ng7 41. Qe3 Qd1 42. Qxc5 Rg8 43. Rc8 Ne8 44. Qe3 f4 45. Qxf4 Qxb3 46. Qf7 1-0

[Event "Almazan 1st"]
[Site "Almazan"]
[Date "2017.07.17"]
[Round "1"]
[White "Garcia Albarracin, Francisco"]
[Black "Repka, Christopher"]
[Result "0-1"]
[WhiteElo "2347"]
[BlackElo "2454"]
[PlyCount "40"]
[EventDate "2017.07.17"]
[EventType "swiss"]
[EventRounds "9"]
[EventCountry "ESP"]
[EventCategory "3"]
[SourceTitle "CBM 179 Extra"]
[Source "ChessBase"]
[SourceDate "2017.08.23"]
[SourceVersion "1"]
[SourceVersionDate "2017.08.23"]
[SourceQuality "1"]

1. d4 Nf6 2. Bf4 g6 3. e3 Bg7 4. h3 0-0 5. c3 d6 6. Nd2 e5 7. Bh2 Re8 8. dxe5 dxe5 9. Nc4 Nfd7 10. a4 Nc6 11. e4 Nc5 12. Qxd8 Rxd8 13. f3 Be6 14. Ne3 Nd3+ 15. Bxd3 Rxd3 16. Nd1 Rad8 17. Ne2 Rd2 18. b4 Bc4 19. Ng3 Bh6 20. b5 Rxg2 0-1

[Event "Porto op"]
[Site "Porto"]
[Date "2015.07.19"]
[Round "9"]
[White "Abrahams, Daniel"]
[Black "Garcia Albarracin, Francisco"]
[Result "1/2-1/2"]
[WhiteElo "2080"]
[BlackElo "2374"]
[PlyCount "81"]
[EventDate "2015.07.13"]
[EventType "swiss"]
[EventRounds "9"]
[EventCountry "POR"]
[SourceTitle "CBM 167 Extra"]
[Source "ChessBase"]
[SourceDate "2015.09.14"]
[SourceVersion "1"]
[SourceVersionDate "2015.09.14"]
[SourceQuality "1"]

1. e4 c6 2. d4 d5 3. Nc3 b5 4. Bd3 b4 5. Nce2 dxe4 6. Bxe4 Nf6 7. Bf3 e6 8. Nh3 Be7 9. 0-0 0-0 10. Nhf4 Bb7 11. Nd3 Nbd7 12. Bg5 a5 13. Qc1 Rc8 14. Rd1 Nd5 15. Bxe7 Qxe7 16. a3 c5 17. axb4 axb4 18. Ra7 Rc7 19. Bxd5 exd5 20. dxc5 Qxe2 21. Re1 Qg4 22. c6 Rxc6 23. Rxb7 Rfc8 24. Rxb4 d4 25. h3 Qf5 26. Rxd4 Rxc2 27. Re8+ Rxe8 28. Qxc2 h5 29. Qd2 Nf6 30. b4 Ra8 31. Qf4 Qe6 32. Kh2 Re8 33. Nc5 Qe7 34. f3 Qa7 35. Rd6 Qb8 36. Rd4 Qa7 37. Qd6 Re1 38. Rd1 Rxd1 39. Qxd1 Qb8+ 40. Kh1 Qxb4 41. Nd7 1/2-1/2

[Event "Porto op"]
[Site "Porto"]
[Date "2015.07.16"]
[Round "6"]
[White "Garcia Albarracin, Francisco"]
[Black "Rodrigues, Jose AA"]
[Result "1-0"]
[WhiteElo "2374"]
[BlackElo "2144"]
[PlyCount "49"]
[EventDate "2015.07.13"]
[EventType "swiss"]
[EventRounds "9"]
[EventCountry "POR"]
[SourceTitle "CBM 167 Extra"]
[Source "ChessBase"]
[SourceDate "2015.09.14"]
[SourceVersion "1"]
[SourceVersionDate "2015.09.14"]
[SourceQuality "1"]

1. Nf3 Nf6 2. d4 c5 3. dxc5 e6 4. a3 a5 5. c4 Bxc5 6. Nc3 d5 7. Bg5 0-0 8. cxd5 h6 9. Bxf6 Qxf6 10. Rc1 b6 11. e4 exd5 12. Qxd5 Ra7 13. Be2 Re8 14. 0-0 Rae7 15. e5 Qg6 16. Bd3 Qh5 17. e6 Qxd5 18. Nxd5 Ra7 19. exf7+ Kxf7 20. b4 axb4 21. axb4 Be6 22. Nf4 Bd6 23. Nxe6 Kxe6 24. Rfe1+ Kf7 25. Bg6+ 1-0

[Event "Benidorm op U2300 07th"]
[Site "Benidorm"]
[Date "2008.12.02"]
[Round "4"]
[White "Lopez Pereyra, Antonio"]
[Black "Garcia Albarracin, Francisco"]
[Result "0-1"]
[WhiteElo "2159"]
[BlackElo "2298"]
[PlyCount "102"]
[EventDate "2008.11.29"]
[EventType "swiss"]
[EventRounds "9"]
[EventCountry "ESP"]
[SourceTitle "CBM 127 Extra"]
[Source "ChessBase"]
[SourceDate "2009.01.08"]
[SourceVersion "2"]
[SourceVersionDate "2009.01.28"]
[SourceQuality "1"]

1. e4 c5 2. Nf3 a6 3. c4 Nc6 4. d4 cxd4 5. Nxd4 e6 6. Nc3 Qc7 7. Be3 Nf6 8. Be2 Bb4 9. Qc2 Qe5 10. Nxc6 bxc6 11. 0-0 Bc5 12. Bxc5 Qxc5 13. Na4 Qe5 14. Bf3 g5 15. g3 Rb8 16. Rad1 c5 17. b3 Bb7 18. Rfe1 g4 19. Bg2 h5 20. Qc3 Qxc3 21. Nxc3 e5 22. Na4 Rc8 23. Rd6 Ke7 24. Rb6 Rc7 25. Nxc5 Rxc5 26. Rxb7 Ra8 27. Bf1 a5 28. a3 Rc6 29. Kg2 Ne8 30. Rb5 d6 31. b4 axb4 32. Rb7+ Rc7 33. Rxc7+ Nxc7 34. axb4 Ne6 35. h3 Kf6 36. b5 Nc5 37. hxg4 hxg4 38. Be2 Kg5 39. f3 Ra2 40. Kg1 Rc2 41. fxg4 Rc3 42. Rb1 Rxg3+ 43. Kf1 Kf4 44. b6 Rh3 45. Kg2 Rh8 46. Rd1 Ke3 47. Bf3 Nd3 48. Rb1 Nf4+ 49. Kg1 Kxf3 50. b7 Ne2+ 51. Kf1 Rh1# 0-1

[Event "Lisbon op"]
[Site "Lisbon"]
[Date "2001.08.26"]
[Round "6"]
[White "Morais, Vitor Mestre"]
[Black "Garcia Albarracin, Francisco"]
[Result "1-0"]
[WhiteElo "2126"]
[BlackElo "2369"]
[PlyCount "131"]
[EventDate "2001.08.21"]
[EventType "swiss"]
[EventRounds "9"]
[EventCountry "POR"]
[SourceTitle "EXT 2002"]
[Source "ChessBase"]
[SourceDate "2001.11.25"]
[SourceVersion "1"]
[SourceVersionDate "2001.11.25"]
[SourceQuality "1"]

1. Nf3 Nf6 2. d4 d6 3. g3 Nbd7 4. Bg2 e5 5. 0-0 Be7 6. c3 0-0 7. Nbd2 e4 8. Ne1 d5 9. f3 exf3 10. Bxf3 Re8 11. e4 dxe4 12. Nxe4 Nxe4 13. Bxe4 Nf6 14. Bg2 c5 15. d5 Bg4 16. Qb3 Be2 17. Rf4 c4 18. Qxb7 Bc5+ 19. Kh1 Rb8 20. Qc6 Rc8 21. Qb7 Rc7 22. Qb5 Nxd5 23. Rf5 Bg4 24. Bg5 Rce7 25. Bxe7 Qxe7 26. Rxf7 Qxf7 27. Qxc5 Ne3 28. Qd4 Qf2 29. Bd5+ Kh8 30. Ng2 Bf3 31. Bxf3 Qxf3 32. Qd2 Ng4 33. Re1 Rxe1+ 34. Qxe1 Nf2+ 35. Kg1 Nh3+ 36. Kh1 h6 37. b3 Kh7 38. bxc4 a5 39. c5 a4 40. Qb1+ g6 41. Qe1 Nf2+ 42. Kg1 Nh3+ 43. Kh1 Qb7 44. Qe6 Qf3 45. Qe7+ Kg8 46. Qe8+ Kg7 47. Qe7+ Qf7 48. Qxf7+ Kxf7 49. Nf4 Nf2+ 50. Kg2 Ne4 51. c6 Ke8 52. Nd5 a3 53. Kf3 Nd2+ 54. Kf4 Kd8 55. Ke5 Kc8 56. Kd6 Ne4+ 57. Ke5 Nd2 58. Kd4 Nb3+ 59. Kc4 Nc1 60. Kb4 Nd3+ 61. Kxa3 g5 62. Ka4 g4 63. Kb5 Ne5 64. a4 h5 65. a5 h4 66. a6 1-0

[Event "Lisbon op"]
[Site "Lisbon"]
[Date "2001.08.25"]
[Round "5"]
[White "Garcia Albarracin, Francisco"]
[Black "Torrado Quintela, Julio"]
[Result "1/2-1/2"]
[WhiteElo "2369"]
[BlackElo "2147"]
[PlyCount "126"]
[EventDate "2001.08.21"]
[EventType "swiss"]
[EventRounds "9"]
[EventCountry "POR"]
[SourceTitle "EXT 2002"]
[Source "ChessBase"]
[SourceDate "2001.11.25"]
[SourceVersion "1"]
[SourceVersionDate "2001.11.25"]
[SourceQuality "1"]

1. d4 Nf6 2. Nf3 g6 3. c4 Bg7 4. Nc3 0-0 5. e4 d6 6. h3 e5 7. d5 Na6 8. Bg5 Qe8 9. g4 Nd7 10. Rg1 Kh8 11. Qd2 Ndc5 12. Nh4 Nb4 13. Be2 a5 14. Rc1 Bd7 15. f3 Qb8 16. Kf1 Qa7 17. Rh1 Rg8 18. a3 Nb3 19. Qd1 h6 20. Qxb3 hxg5 21. Nxg6+ fxg6 22. axb4 axb4 23. Qxb4 Bf6 24. Nd1 Bd8 25. Qd2 Rf8 26. Nf2 Kg7 27. Qc3 c6 28. b4 c5 29. b5 Ba5 30. Qc2 Rf7 31. Kg2 Bb4 32. Ra1 Qb8 33. Rxa8 Qxa8 34. Qb2 Qa3 35. Qxa3 Bxa3 36. Ra1 Bb2 37. Ra2 Bd4 38. b6 Rf8 39. Nd3 Kf7 40. Bd1 Ke7 41. Ra7 Rb8 42. Ba4 Bxa4 43. Rxa4 Kd7 44. Ra7 Bc3 45. Kf1 Bd2 46. Ke2 Bc3 47. Ra3 Bd4 48. Ra7 Bc3 49. Nc1 Kd8 50. Kd3 Be1 51. Ne2 Kd7 52. Nc1 Bf2 53. Kd2 Bd4 54. Nd3 Kd8 55. Ne1 Kd7 56. Ke2 Kd8 57. Ng2 Ke7 58. h4 gxh4 59. Nxh4 Kf6 60. Ng2 Rh8 61. Rxb7 Rh2 62. Kf1 Rh1+ 63. Ke2 Rh2 1/2-1/2

[Event "Lisbon op"]
[Site "Lisbon"]
[Date "2001.08.24"]
[Round "4"]
[White "Coimbra, Margarida Goncalves"]
[Black "Garcia Albarracin, Francisco"]
[Result "0-1"]
[WhiteElo "2111"]
[BlackElo "2369"]
[PlyCount "80"]
[EventDate "2001.08.21"]
[EventType "swiss"]
[EventRounds "9"]
[EventCountry "POR"]
[SourceTitle "EXT 2002"]
[Source "ChessBase"]
[SourceDate "2001.11.25"]
[SourceVersion "1"]
[SourceVersionDate "2001.11.25"]
[SourceQuality "1"]

1. e4 c6 2. d4 d5 3. exd5 cxd5 4. Bd3 Nc6 5. c3 Qc7 6. Bg5 Nf6 7. Bxf6 gxf6 8. Ne2 Bg4 9. Na3 e6 10. Nc2 Bd6 11. Ne3 Bh5 12. Qb3 Bg6 13. Bxg6 hxg6 14. h3 Rb8 15. Nc1 Bf4 16. Qc2 Bxe3 17. fxe3 Qg3+ 18. Qf2 Qxf2+ 19. Kxf2 Na5 20. Nd3 Nc4 21. Rac1 Nd6 22. Rhe1 Ke7 23. Re2 Rbc8 24. Rec2 Rc6 25. Ke2 g5 26. b3 Rhc8 27. Nb2 b5 28. Kd3 e5 29. Nd1 Ke6 30. Nf2 e4+ 31. Kd2 f5 32. g3 Rg8 33. Rg1 a5 34. Nh1 Rh8 35. Nf2 f6 36. Rh1 Rc7 37. Rg1 f4 38. gxf4 gxf4 39. exf4 Nf5 40. Ke2 Nxd4+ 0-1

[Event "Lisbon op"]
[Site "Lisbon"]
[Date "2001.08.22"]
[Round "2"]
[White "Webb, Laurence"]
[Black "Garcia Albarracin, Francisco"]
[Result "1/2-1/2"]
[WhiteElo "2250"]
[BlackElo "2369"]
[PlyCount "148"]
[EventDate "2001.08.21"]
[EventType "swiss"]
[EventRounds "9"]
[EventCountry "POR"]
[SourceTitle "EXT 2002"]
[Source "ChessBase"]
[SourceDate "2001.11.25"]
[SourceVersion "1"]
[SourceVersionDate "2001.11.25"]
[SourceQuality "1"]

1. e4 d5 2. exd5 Qxd5 3. Nf3 Nf6 4. Be2 Bf5 5. d4 e6 6. 0-0 Nc6 7. c4 Qd7 8. b3 Be7 9. Bb2 Rd8 10. Nbd2 0-0 11. a3 a5 12. Re1 Qc8 13. h3 Rd7 14. Bf1 Bg6 15. Qc1 Rfd8 16. Bc3 Ne8 17. Qb2 Bf6 18. Ne5 Bxe5 19. dxe5 Nd4 20. Ne4 b6 21. b4 Qa8 22. f3 a4 23. Qf2 Nb3 24. Ra2 Rd1 25. Rae2 Bxe4 26. Rxe4 c5 27. Rxd1 Rxd1 28. Re1 Rd7 29. Qc2 Nd4 30. Bxd4 Rxd4 31. bxc5 bxc5 32. Rd1 Qd8 33. Be2 Qd7 34. Kh1 Kh8 35. f4 h6 36. Bf3 g5 37. Rxd4 Qxd4 38. fxg5 hxg5 39. Qxa4 Qa1+ 40. Qd1 Qxa3 41. Bh5 Qe3 42. Qf1 Qf4 43. Qxf4 gxf4 44. Kg1 Nc7 45. Kf2 Na8 46. Be2 Nb6 47. Kf3 Kg7 48. Kxf4 Nc8 49. g3 Ne7 50. Bd3 Nc6 51. h4 Nd4 52. g4 Nc6 53. g5 Ne7 54. Be4 Nc8 55. h5 Nb6 56. Bd3 Nd7 57. h6+ Kg8 58. Be2 Nb6 59. Ke4 Kh8 60. Bh5 Kg8 61. h7+ Kxh7 62. Bxf7 Nxc4 63. Bxe6 Nd2+ 64. Ke3 Nf1+ 65. Kf4 Nd2 66. Bf5+ Kg7 67. Bc2 Nc4 68. e6 Nb6 69. Ke5 Nc4+ 70. Ke4 Kf8 71. Bd1 Ke7 72. Bg4 Nd6+ 73. Kd5 Ne8 74. Ke5 Ng7 1/2-1/2

[Event "Narciso Yepes op"]
[Site "Lorca"]
[Date "2001.06.27"]
[Round "4"]
[White "Ibarra Jerez, Juan Miguel"]
[Black "Garcia Albarracin, Francisco"]
[Result "1/2-1/2"]
[WhiteElo "2161"]
[BlackElo "2369"]
[PlyCount "80"]
[EventDate "2001.06.25"]
[EventType "swiss"]
[EventRounds "9"]
[EventCountry "ESP"]
[SourceTitle "EXT 2002"]
[Source "ChessBase"]
[SourceDate "2001.11.25"]
[SourceVersion "1"]
[SourceVersionDate "2001.11.25"]
[SourceQuality "1"]

1. e4 d5 2. exd5 Qxd5 3. Nf3 Nf6 4. h3 Bf5 5. d4 Qe4+ 6. Kd2 g6 7. g4 Nxg4 8. hxg4 Bxg4 9. Be2 Bxf3 10. Bxf3 Qxd4+ 11. Ke2 Qxd1+ 12. Rxd1 c6 13. Na3 Nd7 14. Nb5 cxb5 15. Bxb7 Rd8 16. Bc6 Bg7 17. Be3 Be5 18. Bd4 0-0 19. Bxd7 Rxd7 20. Bxe5 Rxd1 21. Rxd1 f6 22. Bc7 Kf7 23. Rd8 Rxd8 24. Bxd8 e5 25. Ke3 g5 26. f3 h5 27. Ba5 Ke6 28. Be1 Kd5 29. Bf2 f5 30. b3 a6 31. Kd3 b4 32. Be1 a5 33. c4+ bxc3 34. Bxc3 a4 35. Ke3 f4+ 36. Kf2 g4 37. Bd2 axb3 38. axb3 Kd4 39. b4 Kc4 40. Bc3 gxf3 1/2-1/2

[Event "Narciso Yepes op"]
[Site "Lorca"]
[Date "2001.06.25"]
[Round "1"]
[White "Garcia Albarracin, Francisco"]
[Black "Martinez, Sergio"]
[Result "1-0"]
[WhiteElo "2369"]
[BlackElo "2012"]
[PlyCount "101"]
[EventDate "2001.06.25"]
[EventType "swiss"]
[EventRounds "9"]
[EventCountry "ESP"]
[SourceTitle "EXT 2002"]
[Source "ChessBase"]
[SourceDate "2001.11.25"]
[SourceVersion "1"]
[SourceVersionDate "2001.11.25"]
[SourceQuality "1"]

1. Nf3 Nf6 2. d4 g6 3. Bg5 Bg7 4. c3 c5 5. e3 Qb6 6. Qb3 0-0 7. Nbd2 d6 8. Nc4 Qc7 9. a4 Be6 10. dxc5 Qxc5 11. Qb5 Nbd7 12. Qxc5 Nxc5 13. Nd4 Bd7 14. a5 Rac8 15. f3 Ne6 16. Nxe6 Bxe6 17. Nd2 Rc5 18. Bxf6 Bxf6 19. Ne4 Rf5 20. Nxf6+ Rxf6 21. Bd3 Rc8 22. Ra4 Bf5 23. e4 Bd7 24. Rb4 Rc7 25. Kd2 Rf4 26. h4 Bc6 27. Ke3 Rf6 28. Bc4 h6 29. Rd1 Kf8 30. g3 Ke8 31. f4 e5 32. Rf1 Ke7 33. Bb3 Bd7 34. Bd5 Bc6 35. Bb3 Bd7 36. Bd5 Bc6 37. c4 g5 38. f5 gxh4 39. g4 Kd7 40. Rh1 Bxd5 41. cxd5 Kc8 42. Rb3 Rc5 43. Rc3 Rxc3+ 44. bxc3 b6 45. axb6 axb6 46. Rxh4 Kb7 47. Rh1 Kb8 48. Rb1 Kb7 49. c4 Kc7 50. Kf2 h5 51. g5 1-0

[Event "ESP-ch"]
[Site "Barcelona"]
[Date "2000.08.26"]
[Round "8"]
[White "Bautista Sanchez, Joan"]
[Black "Garcia Albarracin, Francisco"]
[Result "0-1"]
[WhiteElo "2176"]
[BlackElo "2340"]
[PlyCount "88"]
[EventDate "2000.08.18"]
[EventType "swiss"]
[EventRounds "9"]
[EventCountry "ESP"]
[SourceTitle "CBM 077 Extra"]
[Source "ChessBase"]
[SourceDate "2000.09.14"]
[SourceVersion "1"]
[SourceVersionDate "2000.09.14"]
[SourceQuality "1"]

1. c4 d6 2. Nc3 Nf6 3. g3 g6 4. Bg2 Bg7 5. d3 0-0 6. Nh3 e5 7. 0-0 Nc6 8. f4 h6 9. Nf2 exf4 10. gxf4 Ng4 11. e3 Qh4 12. Nxg4 Bxg4 13. Qe1 Qxe1 14. Rxe1 Nb4 15. Rf1 Nxd3 16. Bxb7 Rab8 17. Bf3 Bxf3 18. Rxf3 Nxb2 19. Bxb2 Rxb2 20. Nd5 Rfb8 21. Rc1 Rxa2 22. Nxc7 Rbb2 23. Rh3 Rc2 24. Rxc2 Rxc2 25. Nb5 a6 26. Nxd6 Bf8 27. Ne4 Rxc4 28. Nf6+ Kg7 29. Nd5 f5 30. Rf3 Rc5 31. Nb6 Rc1+ 32. Rf1 Bc5 33. Nd5 Rxf1+ 34. Kxf1 a5 35. Ke2 a4 36. Kd3 a3 37. Nc3 Bb4 38. Na2 Bd6 39. h3 Kf6 40. h4 h5 41. Kc4 Ke6 42. Nc3 Be7 43. Kb3 Bxh4 44. Kxa3 Bf2 0-1

[Event "ESP-ch"]
[Site "Barcelona"]
[Date "2000.08.25"]
[Round "7"]
[White "Garcia Albarracin, Francisco"]
[Black "De la Riva Aguado, Oscar"]
[Result "0-1"]
[WhiteElo "2340"]
[BlackElo "2462"]
[PlyCount "96"]
[EventDate "2000.08.18"]
[EventType "swiss"]
[EventRounds "9"]
[EventCountry "ESP"]
[SourceTitle "CBM 077 Extra"]
[Source "ChessBase"]
[SourceDate "2000.09.14"]
[SourceVersion "1"]
[SourceVersionDate "2000.09.14"]
[SourceQuality "1"]

1. d4 f5 2. Nc3 Nf6 3. Bg5 d5 4. Bxf6 exf6 5. e3 Be6 6. Qf3 Qd7 7. Bb5 c6 8. Bd3 Bd6 9. Nge2 g6 10. h4 h5 11. a3 a5 12. Nf4 Bf7 13. Na4 Qc7 14. b3 b5 15. Nb2 Qe7 16. a4 b4 17. g3 Nd7 18. Qe2 Kf8 19. 0-0-0 Kg7 20. f3 Rae8 21. Rde1 Qd8 22. Qd2 c5 23. Bb5 Qc7 24. Kb1 Re7 25. Nbd3 c4 26. Nf2 Rc8 27. Nd1 Nb6 28. Ka2 cxb3+ 29. cxb3 Nc4 30. Qd3 Na3 31. Ba6 Rce8 32. Nb2 Qc3 33. Ng2 Nc2 34. Re2 Nxd4 35. Qxd4 Qxd4 36. exd4 Rxe2 37. Bxe2 Rxe2 38. Nf4 Rf2 39. Rc1 Rxf3 40. Rc6 Bxf4 41. gxf4 Rxf4 42. Rc5 Rxd4 43. Rxa5 f4 44. Rc5 f3 45. a5 Rc4 46. bxc4 f2 47. a6 f1Q 48. a7 dxc4 0-1